MSM: Plasma Island (FANMADE) - Statistics

General Stats
  • This quiz has been taken 3 times
  • The average score is 11 of 16
Answer Stats
Hint Answer % Correct
Single (Primordial Plant) Lowb
100%
Quad (Plasma, Shadow, Mech, Crystal) Whaill
100%
Double (Mech, Crystal) Bellowfish
67%
Double (Shadow, Crystal) Boodoo
67%
Triple (Plasma, Mech, Crystal) Gaddzooks
67%
Single (Plasma) Ghazt
67%
Single (Shadow) Grumpyre
67%
Single (Crystal) Jeeode
67%
Triple (Plasma, Shadow, Crystal) Meebkin
67%
Double (Plasma, Mech) Nebulob
67%
Single (Mech) Reebro
67%
Double (Plasma, Crystal) Sox
67%
Double (Plasma, Shadow) Whisp
67%
Triple (Plasma, Shadow, Mech) Yooreek
67%
Double (Shadow, Mech) Arackulele
33%
Triple (Shadow, Mech, Crystal) Nitebear
33%
No matching quizzes found
Score Distribution
Percent of People with Each Score
Percentile by Number Answered
Your Score History
You have not taken this quiz